00298pab a2200133 454500008004000000100001800040245002600058260000900084300001000093362000800103650003100111650001100142773001100153180718b2001 xxu||||| |||| 00| 0 eng d aDebroy, Bibek aThe millennium budget c2001 ap.7-9 aApr aBudget - India - 2001-2002 aBudget aYojana